Central Library OPAC University of Rajshahi

The English Parliament / (Record no. 42286)

MARC details
000 -LEADER
fixed length control field 00724nam a2200241 a 4500
001 - CONTROL NUMBER
control field 42286
003 - CONTROL NUMBER IDENTIFIER
rucl marc code BD-RjUL
005 - DATE AND TIME OF LATEST TRANSACTION
control field 20211209053522.0
008 - FIXED-LENGTH DATA ELEMENTS--GENERAL INFORMATION
fixed length control field 160611r19511950xx a 001 0 eng u
035 ## - SYSTEM CONTROL NUMBER
System control number (BD-RjUL)42404
040 ## - CATALOGING SOURCE
Transcribing agency BD-RjUL
Modifying agency m.c.
-- RCD
Original cataloging agency CCH
Language of cataloging eng
041 ## - LANGUAGE CODE
Language code of text/sound track or separate title eng
082 ## - DEWEY DECIMAL CLASSIFICATION NUMBER
Edition number 23
Classification number 328.4209
Author mark and year MAE 1951
100 1# - MAIN ENTRY--PERSONAL NAME
Personal name Mackenzie, K.R.
9 (RLIN) 130041
245 14 - TITLE STATEMENT
Title The English Parliament /
Statement of responsibility, etc. K.R. Mackenzie.
260 ## - PUBLICATION, DISTRIBUTION, ETC. (IMPRINT)
Place of publication, distribution, etc. Harmondsworth, Middlesex :
Name of publisher, distributor, etc. Penguin Books,
Date of publication, distribution, etc. 1950 [reprint 1951]
300 ## - PHYSICAL DESCRIPTION
Pagination 208 p. :
Illustrations illus. ;
Size 7 cm.
490 1# - SERIES STATEMENT
Series statement Pelican books ;
Volume/sequential designation A208
504 ## - BIBLIOGRAPHY, ETC. NOTE
Bibliography, etc Includes index.
610 10 - SUBJECT ADDED ENTRY--CORPORATE NAME
Corporate name or jurisdiction name as entry element Great Britain.
Subordinate unit Parliament
830 #0 - SERIES ADDED ENTRY--UNIFORM TITLE
Uniform title Pelican books ;
Volume number/sequential designation A208.
942 ## - ADDED ENTRY ELEMENTS (KOHA)
Source of classification or shelving scheme Dewey Decimal Classification
Koha item type Books
Holdings
Lost status Source of classification or shelving scheme Damaged status Not for loan Collection code Permanent Location Current Location Shelving location Date acquired Source of acquisition Total Checkouts Full call number Date last seen Copy number Koha item type Cost, normal purchase price
  Dewey Decimal Classification     Non-fiction Central Library, University of Rajshahi Central Library, University of Rajshahi   29/10/1996 Shawkat Osman   328.4209 MAE 1951 11/06/2016 C-2 Books  
  Dewey Decimal Classification     Non-fiction Central Library, University of Rajshahi Central Library, University of Rajshahi     U.B.D. Rajshahi   328.4209 MAE 1951 25/07/2016 C-3 Books 1.40
  Dewey Decimal Classification     Non-fiction Central Library, University of Rajshahi Central Library, University of Rajshahi     U.B.D. Rajshahi   328.4209 MAE 1951 25/07/2016 C-4 Books 1.40